000 00310nam a22001097a 4500
999 _c8341
_d8342
008 190928b ||||| |||| 00| 0 eng d
082 _a616 UGY
245 _aLaboratory protocol for drying of above ground tree biomass sample
260 _aBumthang ;
_bUWICER,
_c2018
300 _aiii, 11 p.
_c21 cm.
942 _2ddc